000 00690nam a2200205 4500
001 113679
003 ES-MaACL
005 20230906185957.0
007 t|
008 061121s1961 sp r ||||1| spa d
080 _a82-84(082.2)
100 1 _aPalazzi, F.
_988523
245 1 3 _aEl libro de los mil sabios
_b: máximas, pensamientos, aforismos, paradojas /
_cF. Palazzi, S. Spaventa Felippi ; traducción por Luis Sánchez Sarto.
260 _aBarcelona :
_bHoepli,
_c1961.
300 _aXI, 1147 p. ;
_c24 cm.
650 0 4 _aMáximas y aforismos.
_914865
700 1 _aSpaventa Felippi, S.
_9107655
700 1 _aSánchez Sarto, Luis.
_9102930
852 _aES-MaACL
_jC-19792
_bR.47380
999 _c113679
_d113679